000 00712nam a22002057a 4500
003 UA-OsUOA
001 45493
007 ta
008 20070425b un ||||| |||| 00| 0 ukr d
090 _a32
942 _cSA
040 _aUA-OsUOA
_bfre
_cUA-OsUOA
_dUA-OsUOA
245 _aРезоюція Парламентської асамблеї Ради Європи "Функціонування демократичних інституцій в Україні", ухвалена у Стразбурзі (Французька Республіка) 19 квітня 2007 року
300 _aС.3
955 _a0
041 _afre
080 _a32
773 0 _w45492
650 7 _a32 Політика
_2UDC
999 _c331594
_d331594